000 00367 a2200145 4500
999 _c325417
_d325417
001 90344
003 NUST
082 _a891.4394 TAR
100 _aMustansar Hussain Tarar
_99703
245 _aTarar Nama 5
_hUrdu
_cMustansar Hussain
250 _a5th
260 _aLahore
_bSang-e-Meel Publication
_c2014
300 _a368p.
500 _aGeneral Books
942 _aCAE NUST
_cBK
_k891.4394 TAR
_2ddc